Mapy y la monja que vuela
Uloženo v:
| Hlavní autor: | |
|---|---|
| Médium: | Vládní dokument Kniha |
| Jazyk: | Spanish |
| Vydáno: |
San José, Costa Rica
EUNED
2012
|
| Vydání: | 1. edición |
| Témata: | |
| Tagy: |
Přidat tag
Žádné tagy, Buďte první, kdo vytvoří štítek k tomuto záznamu!
|
MARC
| LEADER | 00000nam a22000007a 4500 | ||
|---|---|---|---|
| 007 | ta | ||
| 008 | 140116s2012 cr a|||| |||| 000 1 spa d | ||
| 020 | |a 9789968318402 | ||
| 040 | |a cru CIICLA Universidad de Costa Rica | ||
| 086 | |a CR863.4 P438m | ||
| 100 | |a Pérez-Yglesias, María de los Ángeles |d 1949- |9 8 | ||
| 245 | |a Mapy y la monja que vuela |c María Pérez-Yglesias | ||
| 250 | |a 1. edición | ||
| 260 | |a San José, Costa Rica |b EUNED |c 2012 | ||
| 300 | |a xi, 172 páginas |b ilustraciones | ||
| 650 | 4 | |9 9 |a LITERATURA COSTARRICENSE |x CUENTOS | |
| 942 | |2 ddc |c BK | ||
| 999 | |c 3145 |d 3145 | ||



